L'arte del drag /

Đã lưu trong:
Chi tiết về thư mục
Tác giả chính: Hall, Jake (Tác giả)
Tác giả khác: Birkin, Sofie (illustratrice) (Người vẽ tranh minh họa), Hans, Jasjyot Singh (illustratore) (Người vẽ tranh minh họa), Li, Helen (illustratrice) (Người vẽ tranh minh họa), Maraschi, Mauro (Thông dịch viên)
Định dạng: Sách
Ngôn ngữ:Tiếng Italy
Được phát hành: Faenza : Quinto Quarto, 2022
Loạt:Grande
Những chủ đề:
Các nhãn: Thêm thẻ
Không có thẻ, Là người đầu tiên thẻ bản ghi này!

MARC

LEADER 00000nam a22000007i 4500
001 IT\ICCU\LZ1\0007135
003 ItRI
005 20260115232148.0
008 220614s2022 it |||||| |||||0|||||c
020 |a 9788885546400 
040 |b ita  |c importazione bologna sebina 
041 7 |a ita  |2 ISO-639-2 
100 1 |a Hall, Jake  |0 IT\ICCU\LZ1V\001167  |4 aut 
240 1 4 |a The art of drag  |3 IT\ICCU\TO1\0039032  |9 Hall, Jake 
245 1 2 |a L'arte del drag /  |c scritto da Jake Hall ; illustrato da Sofie Birkin, Helen Li, Jasjyot Singh Hans et al. ; tradotto da Mauro Maraschi. 
260 |a Faenza :  |b Quinto Quarto,  |c 2022 
300 |a 133 p. :  |b ill. ;  |c 27 cm 
650 7 |a Travestitismo 
700 1 |a Birkin, Sofie  |c  (illustratrice)  |0 IT\ICCU\TO1V\005159  |4 ill 
700 1 |a Hans, Jasjyot Singh  |c  (illustratore)  |0 IT\ICCU\TO1V\005161  |4 ill 
700 1 |a Li, Helen  |c  (illustratrice)  |0 IT\ICCU\TO1V\005160  |4 ill 
700 1 |a Maraschi, Mauro  |0 IT\ICCU\CAGV\721036  |4 trl 
830 0 |a Grande  |0 IT\ICCU\UBO\4643952 
942 |2 ddc  |c BK  |n 0 
952 |0 0  |1 0  |4 0  |6 T_790_200000000000000_HAL  |7 0  |9 21199  |a BO  |b BO  |d 2026-01-15  |i 19834  |l 0  |o T 790.2 HAL  |p BO19834  |r 2026-01-15 23:21:48  |w 2026-01-15  |x [Sebina 5] [1 v.]  |y BK  |z 1 v. 
999 |c 18115  |d 18115